000 00644cam a2200229 4500500
005 20260329005459.0
041 _afre
042 _adc
100 1 0 _aKlein, Étienne
_eauthor
245 0 0 _aL’échelle des peurs
260 _c2023.
500 _a70
690 _aAngoisse
690 _aEscalade
690 _aÉtienne Klein
690 _aMontagne
690 _aNeige
690 _aPeur
690 _aRéchauffement climatique
786 0 _nPhilosophie magazine | 174 | 11 | 2023-11-01 | p. 37-37 | 1951-1787
856 4 1 _uhttps://shs.cairn.info/magazine-philosophie-magazine-2023-11-page-37?lang=fr&redirect-ssocas=7080
999 _c1843780
_d1843780